The modern Middle East : (Record no. 9602)
[ view plain ]
| 000 -LEADER | |
|---|---|
| fixed length control field | 01769nac a22003491i 4500 |
| 003 - CONTROL NUMBER IDENTIFIER | |
| control field | EG-ScBUE |
| 005 - DATE AND TIME OF LATEST TRANSACTION | |
| control field | 20240522085751.0 |
| 008 - FIXED-LENGTH DATA ELEMENTS--GENERAL INFORMATION | |
| fixed length control field | 240522t2005 cauab f b 001 0 eng d |
| 020 ## - INTERNATIONAL STANDARD BOOK NUMBER | |
| International Standard Book Number | 0520241495 (cloth : alk. paper) |
| 020 ## - INTERNATIONAL STANDARD BOOK NUMBER | |
| International Standard Book Number | 0520241509 (pbk. : alk. paper) |
| 020 ## - INTERNATIONAL STANDARD BOOK NUMBER | |
| International Standard Book Number | 9780520241503 |
| 020 ## - INTERNATIONAL STANDARD BOOK NUMBER | |
| International Standard Book Number | 0520241509 |
| 040 ## - CATALOGING SOURCE | |
| Original cataloging agency | EG-ScBUE |
| Language of cataloging | eng |
| Description conventions | rda |
| Transcribing agency | EG-ScBUE |
| Modifying agency | EG-ScBUE |
| 043 ## - GEOGRAPHIC AREA CODE | |
| Geographic area code | aw----- |
| 082 04 - DEWEY DECIMAL CLASSIFICATION NUMBER | |
| Classification number | 956.04 |
| Item number | KAM |
| Edition number | 22 |
| 100 1# - MAIN ENTRY--PERSONAL NAME | |
| Personal name | Kamrava, Mehran, |
| Relator term | author. |
| 245 14 - TITLE STATEMENT | |
| Title | The modern Middle East : |
| Remainder of title | a political history since the First World War / |
| Statement of responsibility, etc | Mehran Kamrava. |
| 264 #1 - PUBLICATION, DISTRIBUTION, ETC. (IMPRINT) | |
| Place of publication, distribution, etc | Berkeley : |
| Name of publisher, distributor, etc | University of California Press, |
| Date of publication, distribution, etc | [2005] |
| 264 #4 - PUBLICATION, DISTRIBUTION, ETC. (IMPRINT) | |
| Date of publication, distribution, etc | c2005 |
| 300 ## - PHYSICAL DESCRIPTION | |
| Extent | xi, 497 pages : |
| Other physical details | illustrations, maps ; |
| Dimensions | 24 cm |
| 336 ## - CONTENT TYPE | |
| Source | rdacontent |
| Content type term | text |
| Content type code | txt |
| 337 ## - MEDIA TYPE | |
| Media type term | unmediated |
| Source | rdamedia |
| Media type code | n |
| 338 ## - CARRIER TYPE | |
| Carrier type term | volume |
| Carrier type code | nc |
| Source | rdacarrier |
| 504 ## - BIBLIOGRAPHY, ETC. NOTE | |
| Bibliography, etc | Includes bibliographical references and index. |
| 505 0# - FORMATTED CONTENTS NOTE | |
| Formatted contents note | A political history of the Middle East -- From Islam to the great war -- From territories to independent states -- The age of nationalism -- The Arab-Israel wars -- The Iranian revolution -- The Gulf wars and beyond -- Issues in Middle Eastern politics -- The Palestinian-Israeli conflict -- The challenge of economic development -- States and their opponents -- The question of democracy -- Challenges facing the Middle East. |
| 651 #7 - SUBJECT ADDED ENTRY--GEOGRAPHIC NAME | |
| Geographic name | Middle East |
| General subdivision | History |
| Chronological subdivision | 20th century. |
| Source of heading or term | BUEsh |
| 655 ## - INDEX TERM--GENRE/FORM | |
| Form subdivision | Reading book |
| 856 42 - ELECTRONIC LOCATION AND ACCESS | |
| Materials specified | Contributor biographical information |
| Uniform Resource Identifier | <a href="http://www.loc.gov/catdir/bios/ucal052/2004008821.html">http://www.loc.gov/catdir/bios/ucal052/2004008821.html</a> |
| 856 42 - ELECTRONIC LOCATION AND ACCESS | |
| Materials specified | Publisher description |
| Uniform Resource Identifier | <a href="http://www.loc.gov/catdir/description/ucal051/2004008821.html">http://www.loc.gov/catdir/description/ucal051/2004008821.html</a> |
| 856 42 - ELECTRONIC LOCATION AND ACCESS | |
| Materials specified | Table of contents |
| Uniform Resource Identifier | <a href="http://www.loc.gov/catdir/toc/ecip0417/2004008821.html">http://www.loc.gov/catdir/toc/ecip0417/2004008821.html</a> |
| 942 ## - ADDED ENTRY ELEMENTS (KOHA) | |
| Koha item type | Book - Borrowing |
| Source of classification or shelving scheme | Dewey Decimal Classification |
| Withdrawn status | Lost status | Source of classification or shelving scheme | Damaged status | Not for loan | Collection code | Home library | Current library | Shelving location | Date acquired | Source of acquisition | Total Checkouts | Total Renewals | Full call number | Barcode | Date last seen | Date checked out | Price effective from | Koha item type |
|---|---|---|---|---|---|---|---|---|---|---|---|---|---|---|---|---|---|---|
| Dewey Decimal Classification | Alahram | Central Library | Central Library | Second Floor | 25/05/2008 | Purchase | 7 | 12 | 956.04 KAM | 000011526 | 15/07/2025 | 19/12/2016 | 25/05/2008 | Book - Borrowing | ||||
| Dewey Decimal Classification | Alahram | Central Library | Central Library | Second Floor | 25/05/2008 | Purchase | 6 | 24 | 956.04 KAM | 000011525 | 15/07/2025 | 16/09/2019 | 25/05/2008 | Book - Borrowing | ||||
| Dewey Decimal Classification | Alahram | Central Library | Central Library | Second Floor | 25/05/2008 | Purchase | 5 | 19 | 956.04 KAM | 000011524 | 15/07/2025 | 15/11/2023 | 25/05/2008 | Book - Borrowing | ||||
| Dewey Decimal Classification | Alahram | Central Library | Central Library | Second Floor | 25/05/2008 | Purchase | 6 | 12 | 956.04 KAM | 000011523 | 15/07/2025 | 12/03/2013 | 25/05/2008 | Book - Borrowing | ||||
| Dewey Decimal Classification | Alahram | Central Library | Central Library | Second Floor | 25/05/2008 | Purchase | 4 | 24 | 956.04 KAM | 000011522 | 15/07/2025 | 15/10/2019 | 25/05/2008 | Book - Borrowing |